000 00574nam a2200193Ia 4500
005 20250923145326.0
008 008 250917s9999 xx 000 0 eng d
037 _aTextual
040 _aDSWL
_beng
_cDSWL
041 _aeng
_2eng
084 _aY:52OaX8(J3):72x, N69
_qDSWL
245 0 _aOvercoming world hunger
_cEd. by Clifford M. Hardin
260 _aEnglewood
_bCliffs Prentice Hall Inc.
_c1969
300 _axi,177p.
365 _aUSD
_b1 . 95
925 _g1 . 95
942 _cTEXL
_hY:52OaX8(J3):72x, N69
999 _c1450005
_d1450005